A CONNECTION BETWEEN SUMS OF BINOMIAL COEFFICIENTS AND GROSS-KOBLITZ FORMULA

Bibliographic Details
Main Author: Jakubec, Stanislav, 1948-2022 (Author)
Format: Article
Language:English

MARC

LEADER 00000nab a2200000uu 4500
001 vtls011450876
003 SK-MaSNL
005 20260303151331.0
008 230222|2012 xo |||||||||||||||||eng|
015 |a SNBRB 
035 |a (urnnbn)urn:nbn:sk:snk:ar-006k4z 
035 |a (uuid)6c1139c2-b0c3-4373-bf80-04bb7698e632 
035 |a urn:nbn:sk:snk-abcmyr 
040 |a SNKBUCL  |b slo  |c SNKBUCL  |e AACR2 
041 0 |a eng 
044 |a xo  |c SK 
100 1 |a Jakubec, Stanislav,  |d 1948-2022  |4 aut  |9 39827 
245 1 0 |a A CONNECTION BETWEEN SUMS OF BINOMIAL COEFFICIENTS AND GROSS-KOBLITZ FORMULA  |c Stanislav Jakubec 
773 0 |t Mathematica Slovaca  |g Roč. 62, č. 1 (2012), s. [13]-16 
958 |a OND 
958 |a EUIPO 
958 |a article16 
999 |c 2017136  |d 2019066